000 00421nam a22001337a 4500
082 _a628
_bPUB
100 _aPublic Works Department,
_942353
245 _aRasul manual no . 7 for subordinate engineers sanitary engineering /
260 _aLahore:
_bPublic Works Department, Govt Printing Punjab
_cc1955
300 _a335p,;
_biil,:
526 _a0
_b0
_c0
_d628_000000000000000_PUB
650 _aMCE
_9379
942 _2ddc
_cBK
999 _c548071
_d548071